Przystanki linii N91 w Toruniu - Statystyki

Ogólne statystyki
  • Ten quiz został rozwiązany 5 razy
  • Średni wynik to 28 z 50
Statystyki odpowiedzi
Odpowiedź % Poprawnych
Barwna
100%
Szczecińska
100%
Nad Strugą
80%
Suwalska
80%
63. Pułku Piechoty
60%
Aleja Solidarności
60%
Bajeczna
60%
Baza Transportu
60%
Biała
60%
Brązowa
60%
Donimirskiego
60%
Drwęca
60%
Drwęca
60%
Drzymały
60%
Dworzec Wschodni
60%
Generała Orlicza - Dreszera
60%
Gniewkowska
60%
Hallera
60%
Kluczyki
60%
Kluczyki - Cmentarz
60%
Kręta
60%
Letnia
60%
Manhattan
60%
Osiedle Leśny Zakątek
60%
Paderewskiego
60%
Plac Armii Krajowej
60%
Plac Rapackiego
60%
Polmozbyt
60%
POZNAŃSKA
60%
Poznańska
60%
Poznańska - Osiedle
60%
Przybyłów
60%
Rubinkowo Centrum
60%
Stepowa
60%
Wschodnia
60%
Cegielnia
40%
Dożynkowa
40%
Dożynkowa
40%
Kniaziewicza
40%
Księżycowa
40%
Księżycowa
40%
Ligi Polskiej
40%
Ligi Polskiej
40%
Rubinkowo P&R
40%
Sąd Rejonowy
40%
Świętopełka
40%
Witosa
40%
Witosa
40%
Kogucia
20%
Kogucia
20%
Nie znaleziono quizów pasujących do podanych kryteriów
Rozkład punktacji
Procent ludzi z każdym wynikiem
Percentyl według liczby udzielonych odpowiedzi
Twoja historia wyników
Nie rozwiązałeś tego quizu